Cryptanalysis aided by AI

Salvato in:
Dettagli Bibliografici
Autore principale: Escher, Kristián (Autore)
Altri autori: Hou, Xiaolu (Relatore della tesi)
Natura: Manoscritto Libro
Lingua:slovacco
inglese
Pubblicazione: 2022
Soggetti:
Accesso online:http://is.stuba.sk/zp/portal_zp.pl?podrobnosti=153714
Tags: Aggiungi Tag
Nessun Tag, puoi essere il primo ad aggiungerne!!

MARC

LEADER 00000ntm a22000003a 4500
001 stuzp88128
003 SK-STU
005 20220625211141.8
007 ta
008 150427s2015----xo-----f-mn---000-0-slo-d
040 |a STU  |b slo 
041 0 |a eng 
100 1 |a Escher, Kristián  |u 070400  |4 aut  |U FIIT Fakulta informatiky a informačných technológií  |T FIIT Ústav počítačového inžinierstva a aplikovanej informatiky  |X 96839  |U I400  |Y 672  |7 96839 
242 0 1 |a Kryptoanalýza pomocou UI  |y slo 
245 1 0 |a Cryptanalysis aided by AI 
260 |c 2022 
650 4 |a Umelá inteligencia  |2 slo 
650 4 |a Kryptoanalýza  |2 slo 
650 4 |a Hlboké učenie  |2 slo 
650 4 |a Cryptanalysis  |2 eng 
650 4 |a Deep learning  |2 eng 
650 4 |a Artificial inteligence  |2 eng 
700 1 |a Hou, Xiaolu  |u 070400  |k Z2  |4 ths  |U FIIT Fakulta informatiky a informačných technológií  |T FIIT Ústav počítačového inžinierstva a aplikovanej informatiky  |X 114118  |U I400  |Y 672  |7 114118 
856 4 |u http://is.stuba.sk/zp/portal_zp.pl?podrobnosti=153714